000 00792nam a2200253Ia 4500
001 22068
005 20260320113339.0
008 260320s9999||||xx |||||||||||||| ||und||
020 _a9788413683836
041 _aESP
082 _a173
_bP645
100 _aPiñero Moral, Ricardo,
_eAUT
245 0 _aEn familia. El arte de ser persona
_b
246 _a
_5
_b
260 _aMadrid :
_bEdiciones Palabra,
_c2024
300 _a124 páginas :
_bfotografías ;
_c19 cm.
_e
440 _a(dBolsillo :
_nnúmero 949)
_v
650 _aFIP
653 _aArte - Filosofía; Familias (Arte)
654 _aCHU
700 _a
_c
856 _uhttps://0u20fpmt2-y-https-research-ebsco-com.itmsp.museknowledge.com/c/qxo6us/search
_zVéase además: Base de datos EBSCOhost
942 _cLIB
_dJUS
_fMAT
_2ddc
_n
999 _c22068
_d22068